Neapol a pobřeží Amalfi : do kapsy /

Hlavní autor: DiGaetano, Virginia
Korporativní autor: Svojtka & Co. (nakladatelství)
Další autoři: Nová, Tereza
Jazyk: Čeština
Vydáno: Praha : Svojtka & Co., 2025
Vydání: 2. edice
Edice: Lonely Planet (Svojtka & Co.)
Do kapsy (Svojtka & Co.)
Témata:
Fyzický popis: 160 stran : barevné ilustrace, mapy, plány ; 16 cm + 1 plán (38 x 54 cm složeno na 13 x 9 cm)
Knihy
Uloženo v:
LEADER 02402nam a2200625 i 4500
001 nkc20253695610
003 CZ PrNK
005 20260425125559.0
007 ta
008 250710s2025 xr abe e f 001 0 cze
015 |a cnb003695610 
020 |a 978-80-256-3861-3  |q (brožováno) 
035 |a (OCoLC)1535680483 
040 |a BOA001  |b cze  |e rda 
041 1 |a cze  |h eng 
043 |a e-it--- 
072 7 |a 913(4)  |x Geografie Evropy, reálie, cestování  |2 Konspekt  |9 7 
080 |a 913(450)  |2 MRF 
080 |a (450)  |2 MRF 
080 |a (036)913  |2 MRF 
100 1 |a DiGaetano, Virginia  |7 osa20241235463  |4 aut 
240 1 0 |a Pocket Naples & Amalfi coast.  |l Česky 
245 1 0 |a Neapol a pobřeží Amalfi :  |b do kapsy /  |c Virginia DiGaetano ; překlad: Tereza Nová 
246 1 |i Název v tiráži:  |a Neapol a pobřeží Amalfi do kapsy 
250 |a 2. edice 
264 1 |a Praha :  |b Svojtka & Co.,  |c 2025 
300 |a 160 stran :  |b barevné ilustrace, mapy, plány ;  |c 16 cm +  |e 1 plán (38 x 54 cm složeno na 13 x 9 cm) 
336 |a text  |b txt  |2 rdacontent 
336 |a statický obraz  |b sti  |2 rdacontent 
336 |a kartografický obraz  |b cri  |2 rdacontent 
337 |a bez média  |b n  |2 rdamedia 
338 |a svazek  |b nc  |2 rdacarrier 
338 |a list  |b nb  |2 rdacarrier 
490 1 |a Lonely Planet 
490 1 |a Do kapsy 
500 |a Přeloženo z angličtiny 
500 |a Obsahuje QR kódy s přístupem k doplňujícím informacím 
500 |a Obsahuje rejstřík 
651 7 |a Neapol (Itálie)  |7 ge128524  |x reálie  |2 czenas 
651 7 |a Neapolský záliv (Itálie : oblast)  |7 ge996402  |x reálie  |2 czenas 
651 7 |a Amalfi (Itálie : oblast)  |7 ge1046420  |x reálie  |2 czenas 
651 9 |a Naples (Italy)  |x description and travel  |2 eczenas 
651 9 |a Gulf of Naples Region (Italy)  |x description and travel  |2 eczenas 
651 9 |a Amalfi Region (Italy)  |x description and travel  |2 eczenas 
655 7 |a turistické průvodce  |7 fd133738  |2 czenas 
655 9 |a tourist guidebooks  |2 eczenas 
700 1 |a Nová, Tereza  |4 trl 
710 2 |a Svojtka & Co. (nakladatelství)  |7 ko20251261577  |4 pbl 
830 0 |a Lonely Planet (Svojtka & Co.)  |0 s 
830 0 |a Do kapsy (Svojtka & Co.)  |0 s 
910 2 |a BOA001  |b 1-1546.768 
990 |a BK 
995 |a 01 
991 |b 202507  |c NOV 
996 6 |b 2611009251  |c 1-1546.768  |l MZK  |r Sklad / do 1 hodiny  |n 0  |p p.v.  |w 002012292  |u 000010  |a 1  |e BOA001  |j MZK50  |s P